Introduccion a la teoria del estado (Record no. 2352)
[ view plain ]
| 000 -LEADER | |
|---|---|
| fixed length control field | 00478cam a22001937a 4500 |
| 001 - CONTROL NUMBER | |
| control field | 002362 |
| 003 - CONTROL NUMBER IDENTIFIER | |
| control field | armpunfd |
| 005 - DATE AND TIME OF LATEST TRANSACTION | |
| control field | 20140612090706.0 |
| 008 - FIXED-LENGTH DATA ELEMENTS--GENERAL INFORMATION | |
| fixed length control field | 100823e0####xx#a##########000#0#und#d |
| 040 ## - CATALOGING SOURCE | |
| Original cataloging agency | armpunfd |
| Transcribing agency | armpunfd |
| 080 ## - UNIVERSAL DECIMAL CLASSIFICATION NUMBER | |
| Universal Decimal Classification number | 342 K 894 |
| 100 10 - MAIN ENTRY--PERSONAL NAME | |
| Personal name | Kriele, Martin |
| 245 10 - TITLE STATEMENT | |
| Title | Introduccion a la teoria del estado |
| 260 ## - PUBLICATION, DISTRIBUTION, ETC. (IMPRINT) | |
| Place of publication, distribution, etc | " |
| 650 #7 - SUBJECT ADDED ENTRY--TOPICAL TERM | |
| Topical term or geographic name as entry element | Teoria Del Estado |
| Source of heading or term | LEMB |
| 942 ## - ADDED ENTRY ELEMENTS (KOHA) | |
| Koha item type | LIBRO |
| Source of classification or shelving scheme | |
| 945 ## - LOCAL PROCESSING INFORMATION (OCLC) | |
| a | Catalis |
| d | 2010-08-19 |
| 945 ## - LOCAL PROCESSING INFORMATION (OCLC) | |
| a | Catalis |
| d | 2010-08-19 |
| Withdrawn status | Lost status | Source of classification or shelving scheme | Damaged status | Not for loan | Home library | Current library | Shelving location | Date acquired | Total Checkouts | Full call number | Barcode | Date last seen | Date checked out | Price effective from | Koha item type | Inventory number |
|---|---|---|---|---|---|---|---|---|---|---|---|---|---|---|---|---|
| Bib. Derecho | Bib. Derecho | Sector Prestamo | 12/06/2014 | 1 | 342 K 894 | 103584 | 02/03/2016 | 02/03/2016 | 12/06/2014 | LIBRO | ||||||
| Bib. Derecho | Bib. Derecho | Sala de Lectura | 12/06/2014 | 342 K 894 | 103113 | 12/06/2014 | 12/06/2014 | LIBRO (Consulta) | ||||||||
| Bib. Derecho | Bib. Derecho | Sector Prestamo | 25/09/2014 | 342 K 894 | 25/09/2014 | 25/09/2014 | LIBRO | 38760 |
